All aboard? (Record no. 84730)

MARC details
000 -LEADER
fixed length control field 00720cab a22001935a 4500
001 - CONTROL NUMBER
control field L158912
008 - FIXED-LENGTH DATA ELEMENTS--GENERAL INFORMATION
fixed length control field 150924e20150829xxk 000 0 eng d
035 ## - SYSTEM CONTROL NUMBER
System control number (Sirsi) u158912
041 0# - LANGUAGE CODE
Language code of text/sound track or separate title eng
100 1# - MAIN ENTRY--PERSONAL NAME
Personal name Grekos, Martha
245 00 - TITLE STATEMENT
Title All aboard?
260 ## - PUBLICATION, DISTRIBUTION, ETC.
Date of publication, distribution, etc. 2015
490 ## - SERIES STATEMENT
Series statement Estates Gazette
Volume/sequential designation (1534) 29 August 2015, 56-57(2)
520 ## - SUMMARY, ETC.
Summary, etc. Examines the challenges and opportunities faced by those developing around London?s public transport hubs. Discusses challenges and opportunity areas for funding, compulsory purchase and brownfield development. Gives further examples of transport-orientated development in London.
590 ## - LOCAL NOTE (RLIN)
Local note KA
651 #4 - SUBJECT ADDED ENTRY--GEOGRAPHIC NAME
Geographic name London
690 ## - LOCAL SUBJECT ADDED ENTRY--TOPICAL TERM (OCLC, RLIN)
Topical term or geographic name as entry element Infrastructure
9 (RLIN) 6246
942 ## - ADDED ENTRY ELEMENTS (KOHA)
Suppress in OPAC 0
Holdings
Withdrawn status Lost status Source of classification or shelving scheme Damaged status Not for loan Home library Current library Shelving location Date acquired Total Checkouts Full call number Barcode Date last seen Copy number Price effective from Koha item type
    Dewey Decimal Classification     London London Journal article 24/09/2015   L158912 158912-1001 06/08/2019 1 06/08/2019 Journal article